|
|
|
|
| LEADER |
01173nam a2200277 a 4500 |
| 001 |
14932720 |
| 008 |
110503s2010 nyu b 001 0 eng d |
| 010 |
|
|
|a 2007029708
|
| 020 |
|
|
|a 9788130912950
|
| 020 |
|
|
|a 9780791095744 (acid-free paper)
|
| 020 |
|
|
|a 0791095746 (acid-free paper)
|
| 040 |
|
|
|a DLC
|c DLC
|d YDX
|d YDXCP
|d BAKER
|d BTCTA
|d DLC
|d BD-DhAAL.
|
| 082 |
0 |
0 |
|a 822.3/3
|2 22
|
| 245 |
0 |
0 |
|a King Lear /
|c edited and with an introduction by Harold Bloom ; volume editor, Neil Heims.
|
| 260 |
|
|
|a New York :
|b Facts on file, Inc. ;
|a New Delhi :
|b Viva books,
|c 2010.
|
| 300 |
|
|
|a xii, 356 p. ;
|c 25 cm.
|
| 490 |
0 |
|
|a Harold Bloom's Shakespeare through the ages
|
| 500 |
|
|
|a Set of 15 volumes.
|
| 504 |
|
|
|a Includes bibliographical references (p. 337-342) and index.
|
| 541 |
|
|
|e 00022422
|
| 600 |
1 |
0 |
|a Shakespeare, William
|d 1564-1616
|t King Lear.
|
| 700 |
1 |
|
|a Heims, Neil.
|
| 700 |
1 |
|
|a Bloom, Harold.
|
| 852 |
4 |
|
|a Ayesha Abed Library
|j General shelf
|
| 999 |
|
|
|c 10786
|d 10786
|
| 952 |
|
|
|0 0
|1 0
|2 ddc
|4 0
|6 822_330000000000000_KIN
|7 0
|9 16252
|a BRACUL
|b BRACUL
|c GEN
|d 2011-05-03
|e Friends book corner
|g 666.00
|l 13
|m 77
|o 822.33 KIN
|p 3010022422
|r 2024-11-28
|s 2024-11-24
|t 1
|w 2011-05-03
|y BK
|